| 000 | 00735cam a22002413a 4500 | ||
|---|---|---|---|
| 001 | 30887 | ||
| 003 | PGUSA | ||
| 005 | 20140828083652.0 | ||
| 008 | 100107s2010||||xxu|||||s|||||000 | eng d | ||
| 040 |
_aPGUSA _beng |
||
| 042 | _adc | ||
| 050 | 4 | _aPR | |
| 100 | 1 |
_aSeccombe, Thomas, _d1866-1923 |
|
| 245 | 1 | 0 |
_aGeorge Borrow : _bTimes Literary Supplement, 10th July 1903 _h[electronic resource] / _cThomas Seccombe |
| 260 |
_bProject Gutenberg, _c2010 |
||
| 506 | _aPublic domain in the USA. | ||
| 516 | _aElectronic text | ||
| 653 | _aBorrow, George, 1803-1881 | ||
| 653 | _aAuthors, English -- 19th century -- Biography | ||
| 830 | 0 |
_aProject Gutenberg _v30887 |
|
| 856 | 4 | 0 | _uhttp://www.gutenberg.org/ebooks/30887 |
| 942 | _cEB | ||
| 999 |
_c260142 _d260142 |
||